MARC

Tag First Indicator Second Indicator Subfields
LEADER 00000cam a2200000Ia 4500
001 in00002492494
005 20211202191534.0
006 m d f
008 090505s2009 dcu s f000 0 eng d
035 |a (OCoLC)ocn320244569 
040 |a GPO  |c GPO  |d MvI  |d UtOrBLW 
049 |a WWW 
074 |a 0430-R-01 (online) 
086 0 |a E 11.15:D 36/2009 
110 1 |a United States.  |b National Nuclear Security Administration. 
245 1 0 |a NNSA's second line of defense program /  |c National Nuclear Security Administration. 
246 3 |a National Nuclear Security Administration second line of defense program 
264 1 |a [Washington, D.C.] :  |b U.S. Dept. of Energy, National Nuclear Security Administration,  |c [2009] 
300 |a 1 electronic text :  |b HTML file. 
336 |a text  |b txt  |2 rdacontent 
337 |a computer  |b c  |2 rdamedia 
338 |a online resource  |b cr  |2 rdacarrier 
490 1 |a NNSA fact sheet 
538 |a Mode of access: Internet from the NNSA web site. Address as of 5/5/09: http://nnsa.energy.gov/news/2299.htm ; current access available via PURL. 
500 |a Title from title screen (viewed May 5, 2009). 
500 |a "March 2009." 
500 |a Electronic resource. 
610 1 0 |a United States.  |b National Nuclear Security Administration  |x Management. 
650 0 |a Radioactive substances  |x Safety regulations. 
650 0 |a Nuclear weapons  |x Protection  |z United States. 
830 0 |a Fact sheet (United States. National Nuclear Security Administration) 
856 4 0 |u https://purl.fdlp.gov/GPO/LPS112224  |t 0 
999 |a MARS 
999 f f |s 64af71ce-eb96-3923-95f2-3e77bea9227a  |i 5dc2cd85-ea80-3da1-a420-092c7f2accb2  |t 0 
952 f f |a Texas A&M University  |b College Station  |c Electronic Resources  |d Available Online  |t 0  |e E 11.15:D 36/2009  |h Superintendent of Documents classification 
998 f f |a E 11.15:D 36/2009  |t 0  |l Available Online